000 00699nam a22002057a 4500
008 200203b xxu||||| |||| 00| 0 eng d
020 _a99933-921-1-1
041 _aNep.
082 _aN495.51/R279k
100 _aRai, Tanka Bahadur
_925483
241 _aKiratharuko bhasik adhikar, sarkari niti ra hamro sangharsa
245 _aकिरातहरको भाषिक अधिकार सरकारी नीति र हाम्रो संघर्ष
260 _aLalitpur:
_bUttar Kumar Chamling Rai,
_c2062B.S.
300 _a120p.
504 _aBibliography.p.116-120.
650 _aLanguage
650 _aNepali language
653 _aKirat language
942 _2ddc
_cISBN
999 _c92313
_d92302